International Finance. (Record no. 3000)

MARC details
005 - DATE AND TIME OF LATEST TRANSACTION
control field 20250602105935.0
020 ## - INTERNATIONAL STANDARD BOOK NUMBER
International Standard Book Number 978-81-315-0416-1
082 ## - DEWEY DECIMAL CLASSIFICATION NUMBER
Classification number LECT 658.159 CLA
100 ## - MAIN ENTRY--PERSONAL NAME
Author name CLARK, E.
245 ## - TITLE STATEMENT
Title International Finance.
250 ## - EDITION STATEMENT
Edition statement 2nd Ed.
260 ## - PUBLICATION, DISTRIBUTION, ETC.
Place of publication, distribution, etc. Australia,
Name of publisher, distributor, etc. Cengage Learning,
Date of publication, distribution, etc. 2002.
300 ## - PHYSICAL DESCRIPTION
Extent xx, 665p.: ill.; figure, table
Other physical details Glossary, Index & References
Dimensions 24cm
942 ## - ADDED ENTRY ELEMENTS (KOHA)
Source of classification or shelving scheme Dewey Decimal Classification
Koha item type Books
Holdings
Date last seen Total checkouts Full call number Barcode Cost, replacement price Price effective from Koha item type Lost status Source of classification or shelving scheme Damaged status Not for loan Withdrawn status Home library Current library Shelving location Date acquired Cost, normal purchase price
06/02/2025   LECT 658.159 CLA 00000010625 144000.00 06/02/2025 Books   Dewey Decimal Classification       College of Business Education Main Library College of Business Education Main Library Special Reserve Collection 09/27/2009 48000.00
06/09/2025   LECT 658.159 CLA 00000011633 144000.00 06/09/2025 Books   Dewey Decimal Classification       College of Business Education Main Library College of Business Education Main Library General Collection 10/27/2005 48000.00